=LDR 00000nam 2200000 4500 =001 INLIS000000000001954 =005 20130612090330 =008 ***********************************Ind** =035 ##$$0010-061300000001954 =041 ##$$a Ind =082 ##$$a 612.662 =090 ##$$a 612.662, Shr s =100 ##$$a Shreeve,Caroline =245 ##$$a Sindron pramenstruasi, penderitaan yang dapat diatasi, Caroline Shreeve;alih bahasa,Priliani Pranaya =260 ##$$a 1989 $b Jakarta =300 ##$$a 160 hlm, 20 cm =650 ##$$a Sindronopramenstruasi =700 ##$$a Pranaya,Priliani =850 ##$$a NBPNMAT